书目信息 |
| 题名: |
北京运动休闲指南
|
|
| 作者: | ;人民交通出版社 编 | |
| 分册: | ||
| 出版信息: | 北京 人民交通出版社 2005.08 |
|
| 页数: | 159页 | |
| 开本: | 21cm | |
| 丛书名: | 游我主张系列丛书 | |
| 单 册: | ||
| 中图分类: | G818 | |
| 科图分类: | ||
| 主题词: | 体育馆--ti yu guan--简介--北京市 | |
| 电子资源: | ||
| ISBN: | 7-114-05446-7 | |
| 000 | 00924nam 2200241 450 | |
| 001 | 012006932373 | |
| 005 | 20060906095410.53 | |
| 010 | @a7-114-05446-7@dCNY15.00 | |
| 100 | @a20060612d2005 km y0chiy0120 ea | |
| 101 | 0 | @achi |
| 102 | @aCN@b110000 | |
| 105 | @aab z 000yy | |
| 200 | 1 | @a北京运动休闲指南@Abei jing yun dong xiu xian zhi nan@f人民交通出版社编@Fren min jiao tong chu ban she bian |
| 210 | @a北京@c人民交通出版社@d2005.08 | |
| 215 | @a159页@c彩图, 地图@d21cm | |
| 225 | 2 | @a游我主张系列丛书@Ayou wo zhu zhang xi lie cong shu |
| 330 | @a本书分章节介绍了垂钓、骑马、打球、射击、赛车、攀岩、蹦极、滑雪等诸多目前最受大众欢迎的北京运动休闲场所,每个场所都有详细的资讯消息。 | |
| 410 | 0 | @12001 @a游我主张系列丛书 |
| 606 | 0 | @a体育馆@Ati yu guan@x简介@y北京市 |
| 690 | @aG818@v4 | |
| 711 | 02 | @a人民交通出版社@Aren min jiao tong chu ban she@4编 |
| 801 | 0 | @aCN@bQSSK@c20060906 |
| 905 | @a10447@dG818@eR276 | |
| 北京运动休闲指南/人民交通出版社编.-北京:人民交通出版社,2005.08 |
| 159页:彩图, 地图;21cm.-(游我主张系列丛书) |
| ISBN 7-114-05446-7:CNY15.00 |
| 本书分章节介绍了垂钓、骑马、打球、射击、赛车、攀岩、蹦极、滑雪等诸多目前最受大众欢迎的北京运动休闲场所,每个场所都有详细的资讯消息。 |
| ● |
| 相关链接 |
|
|
|
正题名:北京运动休闲指南
索取号:G818/R276
 
预约/预借
| 序号 | 登录号 | 条形码 | 馆藏地/架位号 | 状态 | 备注 |
| 1 | 585906 | 205859061 | 社科库409/409社科库 21排3列5层/ [索取号:G818/R276] | 在馆 | |
| 2 | 585907 | 205859070 | 社科二线422/409社科库 21排3列4层/ [索取号:G818/R276] | 在馆 | |
| 3 | 585908 | 205859089 | 社科库409/409社科库 21排3列5层/ [索取号:G818/R276] | 在馆 |